Aplikovaný mechanik jako součást týmů konstruktérů a vývojářů. studijní opora / Vibrační diagnostika

Hlavní autor: Biloš, Jan
Další autoři: Bilošová, Alena, 1959-
Jazyk: Čeština
Vydáno: Ostrava : Vysoká škola báňská - Technická univerzita Ostrava, Fakulta strojní, 2012
Vydání: Vyd. 1.
Témata:
Fyzický popis: 1 CD-ROM
Knihy
Uloženo v:
LEADER 01605nam a2200421 a 4500
001 001262182
003 CZ BrMZK
005 20130111063639.0
006 m||||||||d||||||||
007 co^cg
008 121030s2012 xr e 00| 0 cze
015 |a cnb002375509 
020 |a 978-80-248-2755-1  |q (CDR)  |z 978-80-248-2754-1  |q (CDR) 
040 |a BOA001  |b cze 
072 7 |a 620.1/.2  |x Nauka o materiálu  |2 Konspekt  |9 19 
080 |a 620.178.5  |2 MRF 
080 |a 531/534-027.22  |2 MRF 
080 |a 005.551  |2 MRF 
080 |a (07)  |2 MRF 
080 |a (0.034.44)  |2 MRF 
100 1 |a Biloš, Jan  |7 ola2012730184  |4 aut 
245 1 0 |a Aplikovaný mechanik jako součást týmů konstruktérů a vývojářů.  |p Vibrační diagnostika  |h [elektronický zdroj] :  |b studijní opora /  |c Jan Biloš, Alena Bilošová 
246 3 0 |a Vibrační diagnostika 
250 |a Vyd. 1. 
260 |a Ostrava :  |b Vysoká škola báňská - Technická univerzita Ostrava, Fakulta strojní,  |c 2012 
300 |a 1 CD-ROM 
500 |a Název z titulní obrazovky 
538 |a Požadavky na systém: Adobe Acrobat Reader 
650 0 7 |a vibrodiagnostika  |7 ph406508  |2 czenas 
650 0 7 |a aplikovaná mechanika  |7 ph182381  |2 czenas 
650 0 7 |a týmová práce  |7 ph136568  |2 czenas 
655 7 |a učební texty  |7 fd133599  |2 czenas 
655 7 |a CD-ROM  |7 fd133955  |2 czenas 
700 1 |a Bilošová, Alena,  |d 1959-  |7 mzk2002160623  |4 aut 
910 2 |a BOA001  |b CDR-1293.598 
990 |a BK 
991 |b 201301  |c NOV  |e n 
996 3 |b 2610527153  |c CDR-1293.598  |l Stud. periodik/2.patro  |r Sklad / do 1 hodiny  |n 1  |p p.v.  |w 001296196  |u 000010  |a 1  |e BOA001  |j MZK50  |s N